Financie a finančné riadenie

Podrobná bibliografia
Hlavní autori: Repková Štofková, Katarína, 1981- (Autor), Štofková, Jana, 1952- (Autor), Kaštánek, Pavel (Autor), Gašová, Katarína (Autor)
Médium: Kniha
Jazyk:slovenčina
Fyzický popis:245 strán grafy, schémy, tabuľky 25 cm
Vydavateľské údaje: Žilina Edis-vydavateľské centrum ŽU Žilinská univerzita v Žiline 2020
ISBN:9788055417721
Vydanie:2. prepracované vydanie
Edícia:Vysokoškolské učebnice
Predmet:

MARC

LEADER 00000cam a2200000 4500
001 vtls012063191
003 SK-MaSNL
005 20260301080443.0
008 210726s2020 xo dl frnp 000 0 slo
015 |a SNBA2022/04 
020 |a 9788055417721  |q (viazané) 
040 |a SNK  |b slo  |e rda  |c SNK 
041 0 |a slo 
044 |a xo  |c SK 
072 7 |a 658  |x Riadenie a správa podniku  |2 konspekt 
072 7 |a 657  |x Účtovníctvo  |2 konspekt 
072 7 |a 37.016  |x Učebné osnovy. Vyučovacie predmety. Učebnice  |2 konspekt 
080 |a 658.14/.17  |2 2011 
080 |a 336.1/.5  |2 2011 
080 |a 657.41/.45  |2 2011 
080 |a (075.8)  |2 2011 
100 1 |a Repková Štofková, Katarína,  |d 1981-  |4 aut  |9 217818 
245 1 0 |a Financie a finančné riadenie  |c Katarína Repková Štofková, Jana Štofková, Pavel Kaštánek, Katarína Gašová 
250 |a 2. prepracované vydanie 
264 1 |a Žilina  |b Edis-vydavateľské centrum ŽU  |b Žilinská univerzita v Žiline  |c 2020 
300 |a 245 strán  |b grafy, schémy, tabuľky  |c 25 cm 
336 |a text  |b txt  |2 rdacontent 
337 |a bez média  |b n  |2 rdamedia 
338 |a zväzok  |b nc  |2 rdacarrier 
366 |e 100 kusov 
490 1 |a Vysokoškolské učebnice 
500 |a Zoznam použitých skratiek na strane 240 
500 |a Zoznam obrázkov na strane 241 
500 |a Zoznam tabuliek na strane 242 
504 |a Bibliografia na konci kapitol 
650 0 7 |a finančný manažment  |2 SNKPH  |9 928 
650 0 7 |a verejné financie  |2 SNKPH  |9 2204 
650 0 7 |a podnikové financie  |2 SNKPH  |9 4308 
650 0 7 |a finančná analýza  |2 SNKPH  |9 3482 
650 0 7 |a Financial management  |2 SNKPHeng  |9 268527 
650 0 7 |a Public finance  |2 SNKPHeng  |9 268280 
650 0 7 |a Business finance  |2 SNKPHeng  |9 302700 
650 0 7 |a Financial analysis  |2 SNKPHeng  |9 268534 
655 7 |a učebnice vysokých škôl  |2 SNKPH  |9 70191 
655 7 |a Textbooks (higher)  |2 SNKPHeng  |9 276436 
700 1 |a Štofková, Jana,  |d 1952-  |4 aut  |9 227532 
700 1 |a Kaštánek, Pavel  |4 aut  |9 48988 
700 1 |a Gašová, Katarína  |4 aut  |9 402180 
810 2 |a Žilinská univerzita v Žiline  |t Vysokoškolské učebnice  |9 176451 
919 |a 978-80-554-1772-1 
958 |a TL 
958 |a NB 
958 |a UV 
999 |c 653228  |d 655158 
952 |a SNK  |b SNK  |y PREZ  |7 0  |p 17A1471771  |o snkSC 196220  |i snk2022/2151  |8 0  |0 0  |1 0  |4 0  |d 2022-02-09  |f 1  |l 0  |r 2025-10-15 00:00:00  |w 2026-02-23 
952 |a SNK  |b SNK  |y VYP  |7 0  |p 17A1483514  |o snkSC 196220 D1  |i snk2022/8705  |8 3  |g 12.27  |0 0  |1 0  |4 0  |d 2022-05-30  |l 0  |r 2026-02-23 18:28:04  |w 2026-02-23